000 00289nam a22001337a 4500
008 211019b ||||| |||| 00| 0 eng d
041 _aeng
080 _a159.9
082 _a159.9
100 _a49
101 _aPSI
245 _aChild and Adolescent Psychopathology
942 _2udc
_cBK
999 _c58288
_d58288